Statistics for The Most Valuable Starting Eleven Of The Dutch Eredivisie

Click here to take the quiz!

General Stats

  • This quiz has been taken 81 times
    (79 since last reset)
  • The average score is 5 of 11

Answer Stats

Position#PlayerValue% Correct
GKPSVJeroen Zoet € 9.000.000,00
91%
STFeyenoordNicolai Jörgensen € 9.000.000,00
64%
CAMAFC AjaxDavy Klaassen € 15.000.000,00
55%
RBFeyenoordRick Karsdorp € 6.500.000,00
53%
LBPSVJetro Willems € 8.000.000,00
52%
LM/LWSC HeerenveenSam Larsson € 7.000.000,00
49%
CMPSVAndrés Guardado € 7.500.000,00
45%
CBPSVHéctor Moreno € 8.000.000,00
36%
CMPSVDavy Pröpper € 9.000.000,00
32%
CBFeyenoordTerence Kongolo € 8.500.000,00
29%
RM/RWPSVGastón Pereiro € 8.000.000,00
27%

Score Distribution

Percentile by Number Answered

Percent of People with Each Score

Your Score History

You have not taken this quiz since the last reset